000
00337nam a2200145Ia 4500
008
230718s9999 xx 000 0 und d
041
_a
Eng.
082
_a
346
_b
ABB-T
100
_a
Abbas Naweed
245
4
_a
The Companies ordinane y Ray
260
_a
Pakistan
_b
Fox law reptes
_c
2006
300
_a
447
650
_a
Law
999
_c
29345
_d
29345